02653naa a2200241 a 450000100080000000500110000800800410001902200140006010000170007424501170009126000090020852018980021765300250211565300230214065300230216370000210218670000160220770000180222370000220224170000180226370000170228177301130229811206862014-04-25 2013 bl uuuu u00u1 u #d a0103-667x1 aGMACH, J. R. aVigor de sementes de aroz de terras altas produzidas no sistema convencional e org??nico.h[electronic resource] c2013 aO alto vigor das sementes ?? umas das principais caracter??sticas para um bom desenvolvimento de plantas em condi????es adversas. Existem poucos estudos sobre o comportamento dos gen??tipos locais de arroz em ambientes desfavor??veis ao estabelecimento de um stand adequado, mostrando a import??ncia de se ter mais informa????es sobre o vigor das sementes, principalmente nestes gen??tipos que ainda apresentam uma grande variabilidade gen??tica. O objetivo deste trabalho foi avaliar o vigor das sementes dos gen??tipos de arroz de terras altas produzidas em sistema de cultivo org??nico e convencional. O experimento foi conduzido em Campos Novos ? SC durante a safra 2011/2012, com 13 gen??tipos em dois sistemas de cultivo. O vigor das sementes foi avaliado pelo teste frio, envelhecimento acelerado, comprimento de pl??ntula ap??s germina????o, emerg??ncia em areia, ??ndice de velocidade de emerg??ncia em areia e a condutividade el??trica. A intera????o gen??tipo x sistema de cultivo foi significativa em todos os testes, sendo que n??o foi significativo apenas o efeito simples de cultivo para o teste de germina????o e no envelhecimento acelerado. Observou-se que no sistema de cultivo org??nico, o vigor foi superior pelo comprimento de pl??ntula, e vigor no teste frio, enquanto que para as sementes provenientes do sistema convencional, o vigor foi superior pelo testes de emerg??ncia em areia, ??ndice de velocidade de emerg??ncia e condutividade el??trica. Os gen??tipos Agulha, Rosa 15, Argentino e Caipira foram os que se destacaram no sistema org??nico, e no sistema convencional os gen??tipos Piriquito, Agulha e Rosa 15 foram os melhores. Conclui-se que existe variabilidade entre os gen??tipos para vigor de sementes, e que o vigor das sementes ?? influenciado pelo sistema de cultivo e pelo gen??tipo, sendo os gen??tipos Agulha e Rosa 15 os mais est??veis geneticamente. aEmerg??ncia em areia aGen??tipo de arroz aSistema de cultivo1 aCOELHO, C. M. M.1 aHEBERLE, I.1 aPREZZI, H. A.1 aMAFIOLETTI, A. T.1 aPARIZOTTO, C.1 aSOUZA, C. A. tIn: CONGRESSO BRASILEIRO DE SEMENTES, 18., 2013, Florian??polis, SC. Resumos... Londrina, PR: ABRATES, 2013.